| 000 -CABECERA |
| Campo de control de longitud fija |
00620nam a22001817a 4500 |
| 008 - CAMPO FIJO DE DESCRIPCIÓN FIJA--INFORMACIÓN GENERAL |
| Campo de control de longitud fija |
230921b ||||| |||| 00| 0 eng d |
| 020 ## - ISBN (INTERNATIONAL STANDARD BOOK NUMBER) |
| ISBN |
9788419292209 |
| 040 ## - FUENTE DE CATALOGACIÓN |
| Agencia de catalogación original |
CDMR |
| 100 ## - ENCABEZAMIENTO PRINCIPAL--NOMBRE PERSONAL |
| 9 (RLIN) |
4882 |
| Nombre de persona |
Cuyàs, Emmanuel |
| 245 ## - MENCIÓN DE TÍTULO |
| Título |
El Mataró de Cuyàs |
| Parte restante del título |
: retrat d'un temps a través del seu articulisme / |
| Mención de responsabilidad, etc. |
Manuel Cuyàs ; a cura de Neus Pinart i Bartolí ; pròleg de Joan Catà |
| 260 ## - PUBLICACIÓN, DISTRIBUCIÓN, ETC (PIE DE IMPRENTA) |
| Lugar de publicación, distribución, etc. |
Cassà de la Selva : |
| Nombre del editor, distribuidor, etc. |
Gavarres, |
| Fecha de publicación, distribución, etc. |
2023 |
| 300 ## - DESCRIPCIÓN FÍSICA |
| Extensión |
407 p. |
| 490 ## - MENCIÓN DE SERIE |
| Mención de serie |
Narratives |
| Número de volumen/designación secuencial |
; 11 |
| 600 #0 - ASIENTO SECUNDARIO DE MATERIA--NOMBRE PERSONAL |
| 9 (RLIN) |
4881 |
| Nombre de persona |
Cuyàs, Emmanuel |
| 700 ## - ENCABEZAMIENTO SECUNDARIO--NOMBRE PERSONAL |
| 9 (RLIN) |
4883 |
| Nombre de persona |
Pinart i Bartolí, Neus |
| 700 ## - ENCABEZAMIENTO SECUNDARIO--NOMBRE PERSONAL |
| 9 (RLIN) |
4884 |
| Nombre de persona |
Catà, Joan |
| 942 ## - ELEMENTOS KOHA |
| Fuente de clasificación o esquema de ordenación en estanterías |
|
| Koha tipo de item |
Monografies |